| 000 | 00748nam a2200265 i 4500 | ||
|---|---|---|---|
| 001 | bg | ||
| 100 | 1 | _aHUTNIK, Stephen. | |
| 245 | 1 | 0 |
_aAll in one Cisco CCIE lab study guide / _cStephen Hutnik & Michael Satterlee. |
| 250 | _a2nd ed. | ||
| 260 |
_aNew York [etc.] : _bOsborne : _bMcGraw-Hill, _c2001. |
||
| 300 |
_aXX, 1225 s. : _brys. ; _c25 cm + _eCD ROM. |
||
| 504 | _aIndeks. | ||
| 650 | 9 | _aSieć komputerowa | |
| 650 | 9 | _aTransmisja danych | |
| 650 | 9 | _aCisco | |
| 700 | 1 | _aSATTERLEE, Michael. | |
| 020 | _a0072127600 | ||
| 040 | _cBPK | ||
| 041 | 0 | _aeng | |
| 080 | _a004.7 | ||
| 920 | _a0-07-212760-0 | ||
| 942 | _cKS | ||
| 008 | s pl f |000 0 pol | ||
| 999 |
_c40033 _d40033 |
||
| 856 |
_uhttp://koha.tu.koszalin.pl/cgi-bin/koha/opac-detail.pl?biblionumber=40033 _yKatalog online BPK |
||